000 00310nam a2200133Ia 4500
008 240703s9999 xx 000 0 und d
041 _aeng
100 _aWarner
245 _aSocial Media Design For Dummies
260 _bWiley India
365 _cRS.
_b 499.00
906 _b35
999 _c41050
_d41050